[Event "Mittelfranken-ch Seniors 50th"]
[Site "Buechenbach"]
[Date "2001.04.14"]
[Round "6"]
[White "Ludwig, Ines"]
[Black "Matern, Helmut"]
[Result "0-1"]
[WhiteElo "1632"]
[BlackElo "1526"]
[PlyCount "96"]
[EventDate "2001.04.??"]
[EventType "swiss"]
[EventRounds "7"]
[EventCountry "GER"]
[SourceTitle "EXT 2006"]
[Source "ChessBase"]
[SourceDate "2005.11.24"]
[SourceVersion "1"]
[SourceVersionDate "2005.11.24"]
[SourceQuality "1"]

1. d4 d5 2. e3 a6 3. Bd3 Nf6 4. Nd2 Bg4 5. f3 Bh5 6. Nh3 h6 7. Nf4 g6 8. Nxh5 Nxh5 9. f4 e6 10. Nf3 Nc6 11. c3 Be7 12. 0-0 Nf6 13. Qc2 Ne4 14. Bxe4 dxe4 15. Qxe4 f5 16. Qxe6 Qd6 17. Qb3 0-0-0 18. Ne5 Nxe5 19. fxe5 Qc6 20. Qc2 Bg5 21. c4 Rhf8 22. Rf2 Kb8 23. b4 b6 24. d5 Qd7 25. a4 c6 26. d6 Qe6 27. Qc3 Rd7 28. Qd4 Bd8 29. e4 g5 30. exf5 Rxf5 31. Bb2 Rxf2 32. Kxf2 Qf5+ 33. Kg1 Rf7 34. c5 Kb7 35. Re1 Qe6 36. Rf1 Rxf1+ 37. Kxf1 Qf5+ 38. Ke2 Qc2+ 39. Qd2 Qe4+ 40. Kd1 Qb1+ 41. Bc1 Qb3+ 42. Ke1 Qc4 43. Kf2 bxc5 44. bxc5 Qxc5+ 45. Qe3 Qc2+ 46. Kg3 Qc4 47. h3 Bb6 48. Qe1 Qh4+ 0-1

[Event "Mittelfranken-ch Seniors 50th"]
[Site "Buechenbach"]
[Date "2001.04.13"]
[Round "2"]
[White "Matern, Helmut"]
[Black "Jacobsen, Waldfried"]
[Result "1-0"]
[WhiteElo "1526"]
[BlackElo "1286"]
[PlyCount "161"]
[EventDate "2001.04.??"]
[EventType "swiss"]
[EventRounds "7"]
[EventCountry "GER"]
[SourceTitle "EXT 2006"]
[Source "ChessBase"]
[SourceDate "2005.11.24"]
[SourceVersion "1"]
[SourceVersionDate "2005.11.24"]
[SourceQuality "1"]

1. c4 e5 2. e4 Nc6 3. d3 a5 4. a3 Nf6 5. Nc3 b6 6. h3 Bb7 7. Nf3 Be7 8. Be2 0-0 9. 0-0 Nd4 10. Nxd4 exd4 11. Na2 c5 12. Bd2 d6 13. b4 Qd7 14. b5 Rfe8 15. Bf3 Kh8 16. a4 Bf8 17. Bf4 Rab8 18. Bg5 Qc7 19. Bxf6 gxf6 20. Bh5 Bg7 21. Bg4 Bc8 22. f4 Rg8 23. Bxc8 Rbxc8 24. Qf3 Rcf8 25. Rae1 Qb8 26. Nc1 Qc8 27. Qh5 Qb7 28. Ne2 Re8 29. Ng3 Re6 30. Nf5 Bf8 31. Rf3 Rg6 32. Rg3 Rxg3 33. Nxg3 Qb8 34. Qxf7 Qe8 35. Qxe8 Rxe8 36. Nf5 h5 37. g3 Rd8 38. Kf2 Rd7 39. Nh4 Kh7 40. Kf3 Rf7 41. Nf5 Kg6 42. g4 Rh7 43. Kg3 Kf7 44. Nh4 Rg7 45. f5 d5 46. exd5 Bd6+ 47. Kf3 Be5 48. Ng6 hxg4+ 49. hxg4 Rh7 50. Nf4 Rh2 51. Ne6 Rh3+ 52. Ke4 Rg3 53. Nf4 Rxg4 54. Rf1 Rg3 55. Rf3 Rg1 56. Ne2 Re1 57. Rf2 Bg3 58. Rg2 Be5 59. Kf3 Ra1 60. Rg1 Rxa4 61. Rh1 Ra3 62. Ke4 Rb3 63. Rh7+ Kg8 64. Rb7 Rb2 65. Kf3 Rb3 66. Ke4 Rb2 67. Nf4 Rf2 68. Ne6 Re2+ 69. Kf3 Re3+ 70. Kf2 Rxd3 71. Rxb6 Rc3 72. d6 Bxd6 73. Rxd6 Rxc4 74. Ra6 Rc2+ 75. Ke1 d3 76. Rxa5 c4 77. Nd4 Rc1+ 78. Kd2 Rb1 79. Ra2 Rb4 80. Kc3 Rb1 81. Kxc4 1-0